[Event "Brasschaat op 15th"]
[Site "Brasschaat"]
[Date "2015.08.16"]
[Round "2"]
[White "Rijmenants, Jan"]
[Black "Geylen, Leo"]
[Result "0-1"]
[WhiteElo "1466"]
[BlackElo "1666"]
[PlyCount "110"]
[EventDate "2015.08.15"]
[EventType "swiss"]
[EventRounds "9"]
[EventCountry "BEL"]
[SourceTitle "EXT 2016"]
[Source "ChessBase"]
[SourceDate "2015.10.08"]
[SourceVersion "1"]
[SourceVersionDate "2015.10.08"]
[SourceQuality "1"]

1. d4 d5 2. e3 Nf6 3. Nf3 e6 4. Nbd2 Be7 5. Bd3 0-0 6. 0-0 Nbd7 7. c3 c5 8. Qe2 c4 9. Bc2 b5 10. e4 dxe4 11. Nxe4 Bb7 12. Re1 Re8 13. Bd2 Nd5 14. Neg5 Bxg5 15. Nxg5 N5f6 16. Qe3 Nf8 17. Qh3 h6 18. Ne4 Nxe4 19. Bxe4 Bxe4 20. Rxe4 Ng6 21. Rae1 Qf6 22. Qg3 Rad8 23. h4 Rd5 24. Rg4 Kh7 25. Bc1 Rh5 26. Ree4 Rd8 27. Be3 Rdd5 28. Qh3 a5 29. g3 Qf3 30. Rxg6 Qxe4 31. Rg4 Qf3 32. Rf4 Qd1+ 33. Kg2 Rhf5 34. Rxf5 Rxf5 35. g4 Rd5 36. g5 h5 37. Qg3 Qg4 38. Qxg4 hxg4 39. Kg3 f5 40. gxf6 gxf6 41. Kxg4 Kg6 42. f4 f5+ 43. Kh3 Kh5 44. Kg3 Rd7 45. Bf2 Rg7+ 46. Kh3 Rg4 47. Bg3 a4 48. Kg2 Rg8 49. a3 Kg4 50. Kf2 Kh3 51. h5 Rxg3 52. h6 Rg8 53. h7 Rh8 54. d5 exd5 55. Ke3 Rxh7 0-1